|
|
|
|
| LEADER |
00754nam a2200217 a 4500 |
| 001 |
000684517 |
| 003 |
CZ BrMZK |
| 005 |
20030910151833.0 |
| 007 |
ta |
| 008 |
030828s1884 xr f cze d |
| 040 |
|
|
|a BOA001
|b cze
|c BOA001
|
| 100 |
1 |
|
|a Tesař, Ladislav,
|d 1859-1886
|7 jk01132269
|4 aut
|
| 245 |
1 |
0 |
|a Dramatické Silhouetty :
|b cyklus sonetů /
|c Ladislav Charpentier
|
| 260 |
|
|
|a V Praze :
|b Ladislav Charpentier,
|c 1884
|
| 300 |
|
|
|a 1 nestránkovaný sv.
|
| 500 |
|
|
|a Separát z: Divadelní kalendář, roč. 3 na rok 1884, vydaný Antonínem Šrutem
|
| 910 |
|
|
|a BOA001
|b 1-0723.256
|
| 964 |
|
|
|a Bohemika - stol. 19.
|
| 990 |
|
|
|a BK
|
| 993 |
|
|
|a Y
|
| 996 |
6 |
|
|b 2619527851
|c 1-0723.256
|l MZK
|r Sklad / do 1 hodiny
|n 0
|w 000684517
|u 000010
|a 1
|e BOA001
|j MZK50
|s P
|